| 000 | 00682nam a2200181Ia 4500 | ||
|---|---|---|---|
| 008 | 151018s9999 xx 000 0 und d | ||
| 082 |
_bRBASDV42545 _a910 |
||
| 100 | _aसुरेशचंद्र नाडकर्णी | ||
| 245 | _aपृथ्वीवर माणूस उपराचा | ||
| 250 | _b1 | ||
| 260 |
_bक्ष _c2006 |
||
| 300 | _a82 | ||
| 600 | _aसुरेशचंद्र नाडकर्णी | ||
| 630 | _aपृथ्वीवर माणूस उपराचा | ||
| 700 | _aसुरेशचंद्र नाडकर्णी | ||
| 730 | _aपृथ्वीवर माणूस उपराचा | ||
| 942 | _cBOOK | ||
| 999 |
_c1041769 _d1041766 |
||